[Event "South America-ch U18 17th"]
[Site "Guayaquil"]
[Date "2022.01.27"]
[Round "4"]
[White "Barrantes Cueva, Roberth Manuel"]
[Black "Medina Cedeno, Daniel Andrew"]
[Result "1-0"]
[WhiteElo "1670"]
[BlackElo "1117"]
[PlyCount "81"]
[EventDate "2022.01.25"]
[EventType "swiss"]
[EventRounds "9"]
[EventCountry "ECU"]
[SourceTitle "CBM 206 Extra"]
[Source "ChessBase"]
[SourceDate "2022.03.31"]
[SourceVersion "1"]
[SourceVersionDate "2022.03.31"]
[SourceQuality "1"]

1. e4 e5 2. Nf3 d6 3. Bc4 Be6 4. Bxe6 fxe6 5. d4 Nd7 6. dxe5 Nxe5 7. Nxe5 dxe5 8. Qh5+ g6 9. Qxe5 Nf6 10. Bg5 Be7 11. Qxe6 Qd6 12. Qxd6 cxd6 13. Nc3 h6 14. Bxf6 Bxf6 15. Nd5 Bd8 16. Nf4 g5 17. Ne6 Bb6 18. Ng7+ Kf7 19. Nf5 Ke6 20. 0-0-0 Rad8 21. f3 d5 22. Ng3 Bf2 23. exd5+ Rxd5 24. Rxd5 Kxd5 25. Rd1+ Ke6 26. Ne4 Bb6 27. Rd6+ Kf5 28. Rd7 g4 29. Ng3+ Ke6 30. Rxb7 Rd8 31. b3 Be3+ 32. Kb2 gxf3 33. gxf3 Rd2 34. Rb4 Bd4+ 35. Kc1 Bc3 36. Rc4 Ba5 37. b4 Bxb4 38. Rxb4 Rxh2 39. Ra4 Rh3 40. Ne2 Kd5 41. Nf4+ 1-0